000 01852nam0a2200397 4500
001 RU\NLR\bibl\463409
005 20260406115734.0
010 _a5-88337-022-5
_9500
021 _aRU
_b2003-54116
_92626
035 _a(NLR Aleph) 000456806
090 _a908710
_c908710
100 _a20001101d2003 |||y0rusy50 ca
101 0 _arus
_aeng
102 _aRU
105 _ay |||||||||
200 1 _aПовести покойного Ивана Петровича Белкина
_aМетель
_aБарышня-крестьянка
_eКн. для чтения с парал. текстом, коммент. и заданиями
_eРус.-англ.
_fА. С. Пушкин
_g[Сост. и авт. коммент. и заданий К. В. Маерова
_gПер. Т. Кеапе]
205 _a3-е изд.
210 _aМ.
_cРус. яз. Курсы
_d2003
215 _a80 с.
_d22
225 1 _aКниги для чтения с параллельными текстами
300 _aТекст. парал. на рус. и англ. яз.
606 0 _aРусский язык
_jУчебные издания
_91533567
_3RU\NLR\auth\66969347
610 0 _aАнглийский язык - Хрестоматии
610 0 _aРусский язык - Хрестоматии для иностранцев
610 0 _aРусский язык для иностранцев - хрестоматии
675 _a811.161.1(075.8)=111
_v3
_zrus
686 _a16.41
_2rugasnti
686 _a81.2Рус-96
_2rubbk
686 _aШ141.12-93англ91
700 1 _4070
_7ca
_8rus
_aПушкин
_bА. С.
_cпоэт
_f1799-1837
_gАлександр Сергеевич
_9110441
_3RU\NLR\auth\77386
801 0 _aRU
_bRKP
_c20001101
_gPSBO
801 1 _aRU
_bRKP
_c20001101
801 2 _aRU
_bNLR
_c20100408
_grcr
942 _cBOOK
980 _aNB